Y trató con los hombres : el diálogo divino-humano del Génesis /

Guardado en:
Bibliografiske detaljer
Hovedforfatter: Asencio, Félix (autor)
Format: Bog
Sprog:spansk
Udgivet: Bilbao, España : El Mensajero del Corazón de Jesús, 1962, c1962
Fag:
Tags: Tilføj Tag
Ingen Tags, Vær først til at tagge denne postø!

MARC

LEADER 00000nam^a2200000^a^4500
001 000001454
005 20250521000000.0
009 20260310083108.414
037 |a Acervo ITESO - Biblioteca 
041 |a ESP 
082 |a 222. 11  |b ASE 
100 |a Asencio, Félix  |e (autor) 
245 1 0 |a Y trató con los hombres :  |b el diálogo divino-humano del Génesis /  |c F. Asencio. 
264 4 |a Bilbao, España :  |b El Mensajero del Corazón de Jesús,  |c 1962, c1962 
300 |a 192 p. 
336 |a texto  |b txt  |2 rdacontenido 
337 |a sin mediación  |b n  |2 rdamedio 
338 |a volumen  |b nc  |2 rdasoporte 
649 |a XX 
650 |a Religión 
650 |a Cristianismo 
650 |a Biblia -  |x Antiguo Testamento -  |x Pentateuco -  |x Génesis 
910 |a Fondo General 
920 |a Impresos - Libros 
930 |a Colección General 
905 |a 101 
901 |a 0014540100  |b IT1  |c ACC  |i 001454  |u 20250521 
902 |a https://opac.biblio.iteso.mx/vufind/Record/000001454